000
00238nam a2200097Ia 4500
008
200302s9999 xx 000 0 und d
100
_a
Coaudia Stauble
245
_a
A Year in Architecture
260
_b
Prestel Publishing Ltd.
260
_c
2009
999
_c
3820
_d
3820